00629nam a2200181Ia 4500952014800000999001700148003000400165005001700169008004100186040000900227082001800236100002100254245005500275260005400330300000900384650001200393942004200405 00102ddc40708HISTORYaMESbMEScHISd2019-02-20g150.00l8m5o954.83 KUN/Kp28461r2025-02-13 11:21:52s2025-01-30w2019-02-20yBKzGL34R2 c20958d20958OSt20200626141607.0190216s9999||||xx |||||||||||||| ||und|| coclc a954.83bKUN/K aKunhali, V93278 0aKerala Society Historical Perceptions /cV Kunhali bCalicut University Publications,aCalicut:c2002. a167p aHistory cBK2ddch954.83iKUN/Kk954.83mKUN/K